[Event "I Open"]
[Site "Omegna ITA"]
[Date "2013.07.06"]
[Round "5"]
[White "Chiodini, Pietro"]
[Black "Fischetti, Luciano"]
[WhiteElo "1784"]
[BlackElo "1585"]
[Result "0-1"]
[PlyCount "58"]
[EventDate "2013.07.04"]

1. b3 Nf6 2. Bb2 d6 3. f4 Nc6 4. Nf3 e6 5. d4 d5 6. Nbd2 Bd6 7. e3 Qe7 8. Bd3
Nb4 9. Ne5 Nxd3+ 10. cxd3 Nd7 11. O-O Nxe5 12. dxe5 Ba3 13. Bxa3 Qxa3 14. Rc1
Qe7 15. e4 O-O 16. d4 c6 17. Rc3 f6 18. Qe2 f5 19. exd5 cxd5 20. Rfc1 Qb4 21.
Qh5 Qxd4+ 22. Kh1 Qxd2 23. g3 Bd7 24. Rc7 Rac8 25. Rd1 Qb4 26. Rxd7 Qe4+ 27.
Kg1 Rc2 28. Qh3 Qe3+ 29. Kh1 Qf3+ 0-1

[Event "I Open"]
[Site "Omegna ITA"]
[Date "2013.07.06"]
[Round "5"]
[White "Faraci, Libero"]
[Black "Rossi, Emanuele"]
[WhiteElo "1729"]
[BlackElo "1564"]
[Result "1-0"]
[PlyCount "63"]
[EventDate "2013.07.04"]

1. c4 e5 2. Nc3 c6 3. Nf3 d6 4. d4 exd4 5. Qxd4 Nf6 6. g3 c5 7. Qd2 Bf5 8. Bg2
Nc6 9. a3 Qd7 10. O-O Be7 11. b4 cxb4 12. axb4 Bh3 13. b5 Nd8 14. Ba3 Bxg2 15.
Kxg2 Ne6 16. Nd5 Nxd5 17. Qxd5 O-O 18. Rad1 Nc7 19. Qxb7 Rfb8 20. Qe4 f5 21.
Qe3 Ne8 22. Nd4 Nf6 23. Qe6+ Qxe6 24. Nxe6 Rb6 25. Nd4 g6 26. Nc6 Re8 27. Bxd6
Bxd6 28. Rxd6 Ne4 29. Rd7 Nc3 30. e3 a5 31. Ra1 Ra8 32. Rd3 1-0

[Event "I Open"]
[Site "Omegna ITA"]
[Date "2013.07.06"]
[Round "5"]
[White "Fattorelli, Luciano"]
[Black "Agnello, Francesco Claudio"]
[WhiteElo "1932"]
[BlackElo "1735"]
[Result "1-0"]
[PlyCount "69"]
[EventDate "2013.07.04"]

1. Nf3 b6 2. c4 c5 3. g3 Bb7 4. Bg2 Nc6 5. O-O Nf6 6. Nc3 g6 7. d4 cxd4 8. Nxd4
Bg7 9. b3 O-O 10. Bb2 e6 11. Rc1 Rb8 12. Ba3 Nxd4 13. Bxb7 Nxe2+ 14. Qxe2 Rxb7
15. Bxf8 Qxf8 16. Rfd1 d6 17. Rd3 Rd7 18. Rcd1 Qd8 19. a4 d5 20. Qd2 d4 21.
Rxd4 Rxd4 22. Qxd4 Qxd4 23. Rxd4 Nd5 24. Rxd5 exd5 25. Nxd5 Bd4 26. Ne7+ Kf8
27. Nc6 Bc5 28. Nxa7 Ke7 29. Kf1 Ke6 30. Ke2 Kf5 31. h3 Ke4 32. Nb5 f5 33. Nc7
f4 34. gxf4 Kxf4 35. Ne6+ 1-0

[Event "I Open"]
[Site "Omegna ITA"]
[Date "2013.07.06"]
[Round "5"]
[White "Ferri, Antonio"]
[Black "Cuttaia, Giacinto"]
[WhiteElo "1650"]
[BlackElo "1811"]
[Result "1-0"]
[PlyCount "43"]
[EventDate "2013.07.04"]

1. d4 d5 2. c4 c6 3. Nc3 e6 4. Nf3 Nf6 5. Bg5 Be7 6. Bxf6 Bxf6 7. e3 Nd7 8. Qc2
a6 9. Be2 dxc4 10. Bxc4 b5 11. Be2 Bb7 12. Ne4 Rc8 13. Nd6+ Ke7 14. Nxb7 Qc7
15. Nc5 Rhd8 16. Nxd7 Rxd7 17. a4 Kf8 18. O-O Kg8 19. Rfc1 e5 20. Nxe5 Bxe5 21.
dxe5 Qxe5 22. Bg4 1-0

[Event "I Open"]
[Site "Omegna ITA"]
[Date "2013.07.06"]
[Round "5"]
[White "Franchetti Pardo, Niccolo'"]
[Black "Giovarruscio, Gabriele"]
[WhiteElo "1514"]
[BlackElo "1715"]
[Result "1/2-1/2"]
[PlyCount "118"]
[EventDate "2013.07.04"]

1. d4 d5 2. c4 c6 3. Nf3 Nf6 4. cxd5 cxd5 5. Nc3 Nc6 6. Bg5 e6 7. e3 Be7 8. Bd3
O-O 9. O-O h6 10. Bh4 b6 11. Rc1 Bb7 12. Bg3 Nh5 13. Ne2 Rc8 14. a3 Nxg3 15.
Nxg3 Bd6 16. Ne2 Qf6 17. e4 dxe4 18. Bxe4 Rfe8 19. Qa4 Na5 20. Bxb7 Nxb7 21.
Qxa7 Rb8 22. Rc6 b5 23. Rb6 Qe7 24. Rxb5 Rec8 25. Rc1 Rxc1+ 26. Nxc1 Qc7 27.
Nb3 Qc2 28. g3 Qb1+ 29. Kg2 Qe4 30. Nbd2 Qc6 31. Qb6 Qc8 32. Ne4 Bc7 33. Qc6
Kh7 34. Ne5 Nd8 35. Rxb8 Qxb8 36. Qc3 Qb7 37. Qc2 f5 38. f3 fxe4 39. fxe4 Bxe5
40. dxe5 Nf7 41. Kf3 Nxe5+ 42. Kf4 Ng6+ 43. Kg4 e5 44. b4 Qd7+ 45. Kf3 Qh3 46.
Qf2 Qd7 47. Qc2 Ne7 48. b5 Nc8 49. Qb2 Qc7 50. a4 Qb8 51. a5 Na7 52. b6 Nc6 53.
a6 Qf8+ 54. Kg2 Nd4 55. b7 Qf3+ 56. Kh3 Qh5+ 57. Kg2 Qf3+ 58. Kg1 Qd1+ 59. Kg2
Qf3+ 1/2-1/2

[Event "I Open"]
[Site "Omegna ITA"]
[Date "2013.07.06"]
[Round "5"]
[White "Grigioni, Giulio"]
[Black "Schingaro, Angelo"]
[WhiteElo "1827"]
[BlackElo "1719"]
[Result "0-1"]
[PlyCount "82"]
[EventDate "2013.07.04"]

1. e4 c5 2. Nf3 d6 3. g3 Nc6 4. d3 g6 5. c3 Bg7 6. Bg2 Nf6 7. Be3 Rb8 8. h3 O-O
9. Qd2 b5 10. Bh6 a5 11. Bxg7 Kxg7 12. a3 Qb6 13. O-O b4 14. axb4 axb4 15. c4
Bd7 16. Qc2 Ra8 17. Nbd2 Ra7 18. Rxa7 Qxa7 19. Nb3 e5 20. h4 Ra8 21. Nfd2 Qb7
22. f3 Ra2 23. Qb1 Qa7 24. Kh2 Qa4 25. Bh3 Be8 26. f4 Nd7 27. f5 Nd4 28. Nxd4
exd4 29. fxg6 hxg6 30. Nf3 Qb3 31. Rf2 Nb6 32. e5 Bc6 33. exd6 Bxf3 34. d7 Nxd7
35. Bxd7 f5 36. Ba4 Qxa4 37. Rxf3 Ra1 38. b3 Rxb1 39. bxa4 Ra1 40. h5 b3 41.
Rf2 Ra2 0-1

[Event "I Open"]
[Site "Omegna ITA"]
[Date "2013.07.06"]
[Round "5"]
[White "Lilja, Olavi Jouko"]
[Black "Salvati, Marcello"]
[WhiteElo "1545"]
[BlackElo "1422"]
[Result "1/2-1/2"]
[PlyCount "138"]
[EventDate "2013.07.04"]

1. e4 d6 2. Nc3 Nf6 3. Be2 c6 4. d3 e5 5. Nf3 Bg4 6. O-O Be7 7. d4 Nbd7 8. dxe5
dxe5 9. Ne1 Bxe2 10. Qxe2 O-O 11. Nf3 Re8 12. Rd1 Qc7 13. Bg5 Rad8 14. h3 h6
15. Bh4 Nh5 16. Bxe7 Rxe7 17. Nh4 Nf4 18. Qg4 Nf6 19. Rxd8+ Qxd8 20. Rd1 Qc7
21. Qf3 Rd7 22. g3 Rxd1+ 23. Qxd1 Nxh3+ 24. Kh2 Nxf2 25. Qf3 N2g4+ 26. Kg2 Qd8
27. Qe2 h5 28. Nf3 g6 29. a3 Kg7 30. Kh3 Qd7 31. Kg2 Qe7 32. Nh4 Nh7 33. Qd2
Qg5 34. Qxg5 Nxg5 35. Nf3 Nxf3 36. Kxf3 Nf6 37. Ne2 Ne8 38. g4 hxg4+ 39. Kxg4
f6 40. Nc3 Nd6 41. b3 Kh6 42. a4 a5 43. Kf3 b6 44. Kg4 g5 45. Kf3 Kh5 46. Ne2
Kh4 47. c4 c5 48. Nc3 g4+ 49. Ke3 Kg5 50. Nd5 Nc8 51. Kf2 f5 52. Ne3 Kf4 53.
exf5 g3+ 54. Ke2 Nd6 55. f6 g2 56. Nxg2+ Kf5 57. Ne3+ Kxf6 58. Nd5+ Ke6 59.
Nxb6 Nb7 60. Ke3 Kf5 61. Nd5 Ke6 62. Nc7+ Kf5 63. Nd5 Ke6 64. Nc3 Nd6 65. Nd5
Nf5+ 66. Kd3 Nd4 67. Kc3 Ne2+ 68. Kd2 Nd4 69. Kc3 Ne2+ 1/2-1/2

[Event "I Open"]
[Site "Omegna ITA"]
[Date "2013.07.06"]
[Round "5"]
[White "Lo Curto, Andrea"]
[Black "Crolla, Roberto"]
[WhiteElo "1586"]
[BlackElo "1451"]
[Result "1-0"]
[PlyCount "35"]
[EventDate "2013.07.04"]

1. e4 d6 2. d4 Nf6 3. Nc3 g6 4. Nf3 Bg7 5. Bc4 O-O 6. O-O Bg4 7. Qd3 Bxf3 8.
Qxf3 c5 9. dxc5 dxc5 10. e5 Ne8 11. Qxb7 Nd7 12. Rd1 Qb8 13. Rxd7 Qxb7 14. Rxb7
e6 15. Bf4 Bh8 16. Ne4 Rc8 17. Rxa7 Ng7 18. Nf6# 1-0

[Event "I Open"]
[Site "Omegna ITA"]
[Date "2013.07.06"]
[Round "5"]
[White "Luciani, Valerio"]
[Black "Bargeri, Ludovico"]
[WhiteElo "2260"]
[BlackElo "2054"]
[Result "1-0"]
[PlyCount "69"]
[EventDate "2013.07.04"]

1. d4 Nf6 2. Nf3 e6 3. Nbd2 d5 4. e3 c5 5. c3 Nc6 6. Bd3 Bd6 7. O-O O-O 8. dxc5
Bxc5 9. e4 dxe4 10. Nxe4 Nxe4 11. Bxe4 Qxd1 12. Rxd1 Rd8 13. Bf4 f6 14. Rxd8+
Nxd8 15. Rd1 Nf7 16. Bc7 g6 17. Nd4 f5 18. Bf3 e5 19. Nb3 Bb6 20. Bxb6 axb6 21.
a3 Kf8 22. Bd5 Ke7 23. Bxf7 Kxf7 24. Rd8 b5 25. Nc5 b6 26. Nd3 Ke7 27. Rh8 Kf6
28. f4 exf4 29. Nxf4 Bb7 30. Rxh7 Be4 31. h4 Rd8 32. Rh6 Rd1+ 33. Kh2 Rd2 34.
Rxg6+ Ke5 35. Kg3 1-0

[Event "I Open"]
[Site "Omegna ITA"]
[Date "2013.07.06"]
[Round "5"]
[White "Lugli, Andrea"]
[Black "Nehyba, Martin"]
[WhiteElo "1762"]
[BlackElo "1525"]
[Result "0-1"]
[PlyCount "86"]
[EventDate "2013.07.04"]

1. c4 e5 2. g3 c6 3. d4 exd4 4. Qxd4 Nf6 5. Bg2 Be7 6. Nf3 d5 7. cxd5 Qxd5 8.
O-O O-O 9. Nc3 Qxd4 10. Nxd4 Rd8 11. Nf3 Bg4 12. h3 Bxf3 13. Bxf3 Nbd7 14. Be3
Ne5 15. Bg2 Nc4 16. Bc1 Bb4 17. Bg5 Bxc3 18. bxc3 Rd6 19. a4 Nd5 20. Rfd1 Nxc3
21. Rxd6 Nxd6 22. Kf1 Re8 23. Bf3 Nde4 24. Be3 a6 25. a5 Nxg3+ 26. Kg2 Nf5 27.
Ra3 Nxe3+ 28. fxe3 Rxe3 29. Rb3 g6 30. Rxb7 Nd5 31. Ra7 Nb4 32. Kf2 Ra3 33.
Bxc6 Nxc6 34. Rxa6 Nxa5 35. Kg2 Nc4 36. Rc6 Ne3+ 37. Kf2 Nd5 38. h4 Rh3 39. Rc4
h5 40. Re4 Nf6 41. Rf4 Ng4+ 42. Kg2 Rxh4 43. Kg3 Rh1 0-1

[Event "I Open"]
[Site "Omegna ITA"]
[Date "2013.07.06"]
[Round "5"]
[White "Medici, Simone"]
[Black "Angelini, Marco"]
[WhiteElo "2109"]
[BlackElo "2265"]
[Result "0-1"]
[PlyCount "65"]
[EventDate "2013.07.04"]

1. d4 Nf6 2. c4 e6 3. Nc3 d5 4. Bg5 Be7 5. e3 O-O 6. Nf3 Nbd7 7. Bd3 h6 8. Bh4
b6 9. O-O Bb7 10. cxd5 exd5 11. Rc1 Re8 12. Bg3 a6 13. Bxc7 Qxc7 14. Nxd5 Qd6
15. Nc7 Rac8 16. Nxe8 Rxe8 17. h3 Bd8 18. Re1 Ne4 19. Nd2 Nxd2 20. Qxd2 Nf6 21.
Qc2 Ne4 22. a3 Ng5 23. Bc4 Re7 24. Qf5 Bc7 25. f4 Ne4 26. Bd3 g6 27. Qg4 f5 28.
Qe2 b5 29. Rc2 g5 30. Bxe4 Bxe4 31. Rd2 gxf4 32. exf4 Qxf4 33. Qe3 0-1

[Event "I Open"]
[Site "Omegna ITA"]
[Date "2013.07.06"]
[Round "5"]
[White "Montilli, Vincenzo"]
[Black "Vitale, Alessandro"]
[WhiteElo "2015"]
[BlackElo "1774"]
[Result "1-0"]
[PlyCount "71"]
[EventDate "2013.07.04"]

1. d4 f5 2. c4 Nf6 3. Nf3 e6 4. g3 d5 5. Bg2 c6 6. O-O Bd6 7. b3 Qe7 8. Bb2 O-O
9. Nbd2 Nbd7 10. Ne5 g5 11. f3 g4 12. Rc1 gxf3 13. exf3 Nxe5 14. dxe5 Bc5+ 15.
Kh1 Nh5 16. f4 Ng7 17. cxd5 exd5 18. Nf3 Be6 19. Qd3 Kh8 20. Rc2 Bb6 21. Nd4
Qf7 22. b4 Rac8 23. Rfc1 Rg8 24. b5 c5 25. Nxe6 Qxe6 26. Bxd5 Qh6 27. Bxg8 Rxg8
28. e6 Qxe6 29. Re2 Qc8 30. Re7 Bd8 31. Rxg7 Rxg7 32. Qc3 Qd7 33. Qxg7+ Qxg7
34. Bxg7+ Kxg7 35. Rxc5 Kf6 36. Rc8 1-0

[Event "I Open"]
[Site "Omegna ITA"]
[Date "2013.07.06"]
[Round "5"]
[White "Mottonen, Ari"]
[Black "Boschetti, Claudio"]
[WhiteElo "1989"]
[BlackElo "2134"]
[Result "0-1"]
[PlyCount "72"]
[EventDate "2013.07.04"]

1. d4 Nf6 2. c4 e5 3. dxe5 Ng4 4. e4 Nxe5 5. f4 Nec6 6. Nf3 Bc5 7. Nc3 d6 8. h3
O-O 9. Na4 Bb4+ 10. Bd2 Re8 11. Bd3 f5 12. O-O fxe4 13. Bxb4 Nxb4 14. Bxe4 Rxe4
15. a3 N4a6 16. Qd5+ Re6 17. Ng5 Qf6 18. Nxe6 Qxe6 19. Qg5 Qf6 20. Qd5+ Qf7 21.
Qg5 Nc6 22. f5 Qf6 23. Qh5 Bd7 24. Nc3 Qd4+ 25. Kh1 Rf8 26. Qg5 h6 27. Qh5 Ne7
28. Rad1 Nxf5 29. Rxd4 Ng3+ 30. Kh2 Nxh5 31. Re1 Rf2 32. Re7 Bc6 33. Nd5 Bxd5
34. cxd5 Rxb2 35. Rd3 Kf8 36. Re4 Nc5 0-1

[Event "I Open"]
[Site "Omegna ITA"]
[Date "2013.07.06"]
[Round "5"]
[White "Patrignani, Tiziano"]
[Black "Nottet, Tristan"]
[WhiteElo "1542"]
[BlackElo "1715"]
[Result "0-1"]
[PlyCount "130"]
[EventDate "2013.07.04"]

1. d4 Nf6 2. c4 g6 3. Nf3 Bg7 4. Nc3 d5 5. e3 O-O 6. Qc2 c5 7. cxd5 cxd4 8.
Nxd4 Nxd5 9. Nxd5 Qxd5 10. Nf3 Nc6 11. Bc4 Qd6 12. O-O Bg4 13. Rd1 Qb4 14. a3
Qa5 15. Be2 Rac8 16. Bd2 Qb6 17. Bc3 Qc5 18. Rac1 Bxc3 19. Qxc3 Qxc3 20. Rxc3
Ne5 21. Rxc8 Rxc8 22. h3 Nxf3+ 23. Bxf3 Bxf3 24. gxf3 Rc2 25. Rd7 Rxb2 26. Rxe7
a5 27. Re5 a4 28. Ra5 b5 29. Kg2 Rb3 30. Kg3 Rxa3 31. Rxb5 Ra1 32. Ra5 a3 33.
Kf4 Kg7 34. Ke5 f5 35. Ra7+ Kh6 36. Kf6 Rf1 37. Ra4 Kh5 38. Rxa3 Rxf2 39. Kg7
Rxf3 40. Kxh7 Rxh3 41. Ra1 g5 42. Ra5 Kg4+ 43. Kg7 Rxe3 44. Kf6 Rf3 45. Kg6 Kh4
46. Ra8 g4 47. Rh8+ Kg3 48. Kg5 Kf2 49. Ra8 Kg2 50. Kh4 g3 51. Rg8 f4 52. Kg4
Rf1 53. Ra8 f3 54. Ra3 Kh2 55. Ra8 f2 56. Kf3 Rh1 57. Ra2 Rb1 58. Rd2 Kg1 59.
Kxg3 f1=Q 60. Rd7 Rb3+ 61. Kh4 Qh3+ 62. Kg5 Qxd7 63. Kf4 Qd5 64. Kg4 Rb4+ 65.
Kg3 Qd3# 0-1

[Event "I Open"]
[Site "Omegna ITA"]
[Date "2013.07.06"]
[Round "5"]
[White "Penna, Tommaso"]
[Black "Wilen, Eero"]
[WhiteElo "1947"]
[BlackElo "2058"]
[Result "0-1"]
[PlyCount "126"]
[EventDate "2013.07.04"]

1. d4 Nf6 2. c4 e6 3. Nc3 Bb4 4. Qc2 Nc6 5. Nf3 d6 6. Bd2 O-O 7. a3 Bxc3 8.
Bxc3 Qe7 9. g3 a5 10. b3 e5 11. d5 Nb8 12. Bg2 b6 13. O-O Bg4 14. b4 a4 15. c5
bxc5 16. bxc5 Nbd7 17. cxd6 cxd6 18. Ne1 Nc5 19. Nd3 Bf5 20. Rad1 Rfc8 21. Qb2
Bxd3 22. exd3 Rab8 23. Bb4 Nb3 24. Rfe1 Qc7 25. Bh3 Rd8 26. Rc1 Nxc1 27. Rxc1
Qb7 28. d4 e4 29. Qc2 Nxd5 30. Ba5 Re8 31. Qc6 Qxc6 32. Rxc6 e3 33. Rxd6 e2 34.
Rxd5 e1=Q+ 35. Bxe1 Rxe1+ 36. Kg2 Ra1 37. Ra5 Rxa3 38. Bd7 g6 39. d5 Rb4 40.
Bc6 Rd4 41. h4 Kg7 42. Ra6 Rd2 43. Rxa4 Rxa4 44. Bxa4 Rxd5 45. Bc2 Rd2 46. Be4
f5 47. Bb7 Kf6 48. Kf3 h6 49. Ke3 Rb2 50. Bd5 Rb5 51. Ba2 Ra5 52. Bg8 g5 53.
hxg5+ hxg5 54. Bc4 Ra3+ 55. Ke2 Ke5 56. Bd3 f4 57. gxf4+ Kxf4 58. Bc4 Ra4 59.
Bd5 Rb4 60. f3 Rb2+ 61. Kf1 Kg3 62. Bc6 Rf2+ 63. Kg1 Rc2 0-1

[Event "I Open"]
[Site "Omegna ITA"]
[Date "2013.07.06"]
[Round "5"]
[White "Recanatini, Italo"]
[Black "Mantovan, Giuseppe"]
[WhiteElo "1811"]
[BlackElo "1825"]
[Result "0-1"]
[PlyCount "130"]
[EventDate "2013.07.04"]

1. e4 e6 2. d4 d5 3. exd5 exd5 4. Bd3 Nf6 5. Bg5 Be7 6. Nd2 O-O 7. Ngf3 Bg4 8.
c3 Nbd7 9. Qc2 h6 10. Bh4 c5 11. O-O c4 12. Bf5 Bxf5 13. Qxf5 Qb6 14. Qc2 Bd6
15. Rfe1 Rfe8 16. Rxe8+ Rxe8 17. Bxf6 Nxf6 18. Re1 Rxe1+ 19. Nxe1 Qc7 20. g3 b5
21. a3 a5 22. Ng2 Qe7 23. Ne3 g6 24. Kg2 b4 25. Qa4 bxc3 26. bxc3 Bxa3 27. Qxa5
Bc1 28. Qa2 Qa3 29. Qxa3 Bxa3 30. f3 Kf8 31. Kf2 Ke7 32. Ke2 Ke6 33. g4 Bd6 34.
h3 Nd7 35. Ng2 Nb6 36. Kd1 f5 37. Kc2 Nd7 38. Ne3 Nf6 39. Kd1 Nh7 40. Ng2 Ng5
41. h4 Nh3 42. Ke2 h5 43. gxh5 gxh5 44. Ke3 f4+ 45. Ke2 Be7 46. Ke1 Kd6 47. Kd1
Nf2+ 48. Kc2 Nd3 49. Nb3 Kc6 50. Nc1 Nxc1 51. Kxc1 Bd6 52. Kb2 Kd7 53. Ka2 Ke6
54. Kb2 Kf5 55. Kc2 Be7 56. Kd2 Bxh4 57. Nxh4+ Kg5 58. Ng2 h4 59. Ne3 fxe3+ 60.
Kxe3 h3 61. f4+ Kf5 62. Kf3 h2 63. Kg2 h1=Q+ 64. Kxh1 Kxf4 65. Kg2 Ke3 0-1

[Event "I Open"]
[Site "Omegna ITA"]
[Date "2013.07.06"]
[Round "5"]
[White "Rizzi, Pietro"]
[Black "Machlik, Edit"]
[WhiteElo "1582"]
[BlackElo "1810"]
[Result "0-1"]
[PlyCount "78"]
[EventDate "2013.07.04"]

1. e4 c5 2. c3 d5 3. exd5 Qxd5 4. d4 e6 5. Nf3 Nf6 6. Be2 Nc6 7. O-O cxd4 8.
cxd4 Be7 9. Nc3 Qd6 10. Be3 O-O 11. Qb3 Rd8 12. Rfd1 b6 13. a3 Bb7 14. Rac1
Rac8 15. Nb5 Qb8 16. h3 Nd5 17. Re1 h6 18. Bd3 Bf6 19. Be4 Nxe3 20. Qxe3 a6 21.
Nc3 Nxd4 22. Bxb7 Qxb7 23. Nxd4 Bxd4 24. Qe4 Qxe4 25. Rxe4 Bxc3 26. Rxc3 Rxc3
27. bxc3 Rc8 28. Ra4 a5 29. c4 Rc5 30. Kf1 Kf8 31. Ke2 Ke7 32. Kd3 Kd6 33. f4
g5 34. g3 gxf4 35. gxf4 e5 36. fxe5+ Kxe5 37. Ke3 f5 38. Kf3 f4 39. h4 h5 0-1

[Event "I Open"]
[Site "Omegna ITA"]
[Date "2013.07.07"]
[Round "6"]
[White "Agnello, Francesco Claudio"]
[Black "Recanatini, Italo"]
[WhiteElo "1735"]
[BlackElo "1811"]
[Result "1/2-1/2"]
[PlyCount "85"]
[EventDate "2013.07.04"]

1. d4 Nf6 2. Bg5 e6 3. e4 Be7 4. Bxf6 Bxf6 5. f4 b6 6. Nf3 Bb7 7. Nc3 d5 8. e5
Be7 9. Be2 c5 10. Qd2 Nd7 11. O-O Qc7 12. Nb5 Qc6 13. Na3 a6 14. c3 b5 15. Nc2
g6 16. Nfe1 f5 17. Nd3 Qb6 18. Kh1 c4 19. Nf2 a5 20. a3 a4 21. Rae1 O-O-O 22.
g4 Rdf8 23. Rg1 Bh4 24. Ref1 Bxf2 25. Rxf2 h6 26. gxf5 gxf5 27. Rfg2 Qd8 28.
Qe1 Rhg8 29. Rxg8 Rxg8 30. Rxg8 Qxg8 31. Qg1 Qxg1+ 32. Kxg1 Kd8 33. h4 Ke7 34.
h5 Nb8 35. Kh2 Na6 36. Kh3 Nb8 37. Bd1 Bc6 38. Nb4 Be8 39. Kh4 Kd7 40. Nc2 Kc6
41. Nb4+ Kb6 42. Be2 Bc6 43. Bd1 1/2-1/2

[Event "I Open"]
[Site "Omegna ITA"]
[Date "2013.07.07"]
[Round "6"]
[White "Angelini, Marco"]
[Black "Montilli, Vincenzo"]
[WhiteElo "2265"]
[BlackElo "2015"]
[Result "1-0"]
[PlyCount "45"]
[EventDate "2013.07.04"]

1. e4 c5 2. Nf3 d6 3. d4 cxd4 4. Nxd4 Nf6 5. Nc3 a6 6. Be2 b5 7. f4 e5 8. Nf3
Nbd7 9. a4 b4 10. Nd5 Nxe4 11. Bc4 Bb7 12. Qe2 Ndc5 13. Be3 Be7 14. Bxc5 Nxc5
15. fxe5 O-O 16. O-O Ra7 17. Nxe7+ Qxe7 18. exd6 Qxd6 19. Rad1 Bxf3 20. Rxf3
Qb6 21. a5 Qg6 22. Qf2 Qc6 23. Rxf7 1-0

[Event "I Open"]
[Site "Omegna ITA"]
[Date "2013.07.07"]
[Round "6"]
[White "Bargeri, Ludovico"]
[Black "Fattorelli, Luciano"]
[WhiteElo "2054"]
[BlackElo "1932"]
[Result "1-0"]
[PlyCount "47"]
[EventDate "2013.07.04"]

1. d4 Nf6 2. c4 d6 3. Nc3 e5 4. Nf3 Nbd7 5. e4 g6 6. Be2 Bg7 7. O-O O-O 8. Be3
c6 9. Re1 a6 10. a4 a5 11. h3 Qc7 12. Rc1 b6 13. Bf1 Bb7 14. d5 c5 15. g3 Rae8
16. Bg2 Kh8 17. Nh2 Ng8 18. g4 f5 19. gxf5 gxf5 20. exf5 Rxf5 21. Ne4 Bh6 22.
Ng3 Rf7 23. Bxh6 Nxh6 24. Qh5 1-0

[Event "I Open"]
[Site "Omegna ITA"]
[Date "2013.07.07"]
[Round "6"]
[White "Benenati, Gianfranco"]
[Black "Mottonen, Ari"]
[WhiteElo "1855"]
[BlackElo "1989"]
[Result "0-1"]
[PlyCount "64"]
[EventDate "2013.07.04"]

1. e4 e6 2. d4 d5 3. e5 c5 4. c3 Nc6 5. Nf3 Qb6 6. Be2 f6 7. O-O fxe5 8. Nxe5
Nxe5 9. dxe5 Ne7 10. f4 Bd7 11. Qb3 Qc7 12. Na3 a6 13. Kh1 g6 14. Bd2 Bg7 15.
Rad1 O-O 16. Nc2 Bc6 17. Bg4 Nf5 18. Bxf5 Rxf5 19. Ne3 Rf7 20. Ng4 Raf8 21. Kg1
g5 22. g3 h5 23. Nf6+ Bxf6 24. exf6 Rxf6 25. fxg5 Rxf1+ 26. Rxf1 Rxf1+ 27. Kxf1
Qf7+ 28. Kg2 Qf5 29. Qd1 d4+ 30. Kg1 Qe4 31. Kf2 Qg2+ 32. Ke1 Bf3 0-1

[Event "I Open"]
[Site "Omegna ITA"]
[Date "2013.07.07"]
[Round "6"]
[White "Boschetti, Claudio"]
[Black "Luciani, Valerio"]
[WhiteElo "2134"]
[BlackElo "2260"]
[Result "1-0"]
[PlyCount "97"]
[EventDate "2013.07.04"]

1. e4 d6 2. d4 Nf6 3. Nc3 c6 4. f4 Qa5 5. Bd3 e5 6. dxe5 dxe5 7. fxe5 Ng4 8. h3
Nxe5 9. Nf3 Nbd7 10. O-O Bc5+ 11. Kh1 O-O 12. Nh4 g6 13. Bh6 Re8 14. Qe1 Bf8
15. Bd2 Qd8 16. Qg3 Bg7 17. Rad1 Qe7 18. Bc1 Kh8 19. Bg5 f6 20. Bc1 Nf8 21. Nf3
Nxf3 22. Rxf3 Nd7 23. Ne2 Ne5 24. Rff1 Be6 25. b3 Rad8 26. Bb2 Bc8 27. Nf4 b5
28. Qf2 Rd7 29. Be2 Red8 30. Nd3 Rf8 31. Nxe5 fxe5 32. Qg3 Rxd1 33. Rxd1 Rd8
34. c4 a6 35. Qe3 Qh4 36. Rf1 Be6 37. cxb5 cxb5 38. Rc1 Bh6 39. Qc3 Bf4 40. Rf1
Rc8 41. Qf3 Kg8 42. a4 bxa4 43. bxa4 Rb8 44. Bc3 Rf8 45. Bxa6 Rf7 46. Qd3 Bg3
47. Rxf7 Kxf7 48. Bc4 Bf4 49. Qd7+ 1-0

[Event "I Open"]
[Site "Omegna ITA"]
[Date "2013.07.07"]
[Round "6"]
[White "Buzio, Alberto"]
[Black "Vitale, Alessandro"]
[WhiteElo "1863"]
[BlackElo "1774"]
[Result "0-1"]
[PlyCount "92"]
[EventDate "2013.07.04"]

1. e4 e5 2. Nf3 Nc6 3. d4 exd4 4. Bc4 Bc5 5. O-O d6 6. c3 d3 7. b4 Bb6 8. Qxd3
Bg4 9. Bb5 Nge7 10. Re1 O-O 11. Bg5 f6 12. Bxc6 Nxc6 13. Bf4 Kh8 14. Nbd2 Ne5
15. Bxe5 fxe5 16. Rac1 g5 17. Re2 h5 18. h3 Bxf3 19. Nxf3 g4 20. Nh2 Qg5 21.
Qd2 Qxd2 22. Rxd2 g3 23. Nf3 Bxf2+ 24. Rxf2 gxf2+ 25. Kxf2 a5 26. b5 c6 27.
bxc6 bxc6 28. Kg3 Rf4 29. Rd1 Rg8+ 30. Kf2 Rg6 31. Rb1 Rxe4 32. Rb7 Ra4 33. Rb2
Kg7 34. g3 Kf7 35. Rd2 Ra3 36. Rc2 Ke6 37. Nd2 d5 38. Nb3 Kd6 39. Kf3 Ra4 40.
Nd2 e4+ 41. Kg2 e3 42. Nf3 c5 43. Rb2 Kc7 44. Ne5 Re6 45. Nd3 e2 46. Kf2 Rae4
0-1

[Event "I Open"]
[Site "Omegna ITA"]
[Date "2013.07.07"]
[Round "6"]
[White "Cavagna, Marco"]
[Black "Chiodini, Pietro"]
[WhiteElo "1461"]
[BlackElo "1784"]
[Result "1-0"]
[PlyCount "93"]
[EventDate "2013.07.04"]

1. d4 Nc6 2. Nf3 d5 3. e3 Bf5 4. a3 e6 5. c4 Nf6 6. Nc3 Be7 7. Be2 O-O 8. O-O
Na5 9. Ne5 c5 10. dxc5 Qc7 11. f4 Rad8 12. Qe1 Nd7 13. Nb5 Qxc5 14. Qxa5 Nxe5
15. fxe5 dxc4 16. Qa4 Qxe5 17. Bxc4 a6 18. Nd4 Rxd4 19. exd4 Qxd4+ 20. Kh1 Rd8
21. Bb3 Qe5 22. Qf4 Qe2 23. Qf2 Qh5 24. Bf4 Be4 25. Rfd1 Rc8 26. Rac1 Bc6 27.
Re1 Bc5 28. Rxc5 Bxg2+ 29. Qxg2 Qxc5 30. Be5 Qf8 31. Bf4 Rc6 32. h3 Qe7 33. Bh6
g6 34. Bg5 f6 35. Bd2 Kg7 36. h4 e5 37. Bb4 Qc7 38. Bc3 Rxc3 39. bxc3 Qxc3 40.
Qxb7+ Kh6 41. Rf1 Qh3+ 42. Kg1 Qg3+ 43. Qg2 Qxb3 44. Rxf6 Qxa3 45. Qg5+ Kg7 46.
Qxe5 a5 47. Rf3+ 1-0

[Event "I Open"]
[Site "Omegna ITA"]
[Date "2013.07.07"]
[Round "6"]
[White "Cuttaia, Giacinto"]
[Black "Arabia, Allan"]
[WhiteElo "1811"]
[BlackElo "1534"]
[Result "1/2-1/2"]
[PlyCount "34"]
[EventDate "2013.07.04"]

1. a4 d5 2. g3 c6 3. Bg2 Bf5 4. d3 Nf6 5. Nf3 Nbd7 6. Bf4 e6 7. Nbd2 Bc5 8. O-O
h6 9. c3 a5 10. d4 Ba7 11. Ne5 Bb8 12. Ndf3 Nxe5 13. Bxe5 Bxe5 14. Nxe5 Nd7 15.
Nd3 O-O 16. Qd2 Qb6 17. e3 Rac8 1/2-1/2

[Event "I Open"]
[Site "Omegna ITA"]
[Date "2013.07.07"]
[Round "6"]
[White "Fischetti, Luciano"]
[Black "Bianchi, Simone"]
[WhiteElo "1585"]
[BlackElo "1814"]
[Result "0-1"]
[PlyCount "58"]
[EventDate "2013.07.04"]

1. Nf3 d5 2. c4 d4 3. d3 c5 4. g3 Nc6 5. a3 e5 6. Bg2 f5 7. Bg5 Nf6 8. Nbd2 Be7
9. Qc2 O-O 10. h4 e4 11. dxe4 fxe4 12. Nxe4 Qa5+ 13. Nfd2 d3 14. Nxf6+ Bxf6 15.
Bd5+ Kh8 16. exd3 Nd4 17. Qd1 Re8+ 18. Be3 Nf5 19. Be4 Bxb2 20. Qh5 g6 21. Qd1
Bxa1 22. Qxa1+ Kg8 23. Ke2 Qc7 24. Bf4 Qe7 25. Nf3 Be6 26. h5 Bxc4 27. Be5 Nd4+
28. Bxd4 Qxe4+ 29. Be3 Qxd3+ 0-1

[Event "I Open"]
[Site "Omegna ITA"]
[Date "2013.07.07"]
[Round "6"]
[White "Machlik, Edit"]
[Black "Maffeo, Mauro"]
[WhiteElo "1810"]
[BlackElo "1724"]
[Result "1-0"]
[PlyCount "105"]
[EventDate "2013.07.04"]

1. e4 e6 2. d4 d5 3. Nd2 Be7 4. e5 c5 5. c3 c4 6. Qg4 Kf8 7. f4 f5 8. exf6 Nxf6
9. Qe2 b5 10. a3 a5 11. Ngf3 g6 12. g3 Kg7 13. Bh3 Ra6 14. O-O h5 15. Re1 Ng4
16. Bxg4 hxg4 17. Ne5 Qf8 18. Qxg4 Qf5 19. Qxf5 gxf5 20. Kg2 a4 21. Ndf3 Rd6
22. Ng5 Rf8 23. Bd2 Nd7 24. Nxd7 Bxd7 25. Nf3 Kf6 26. Re3 Rg8 27. Rae1 Bc8 28.
h3 Bf8 29. Ne5 Bh6 30. Kf3 Bg7 31. g4 fxg4+ 32. hxg4 Ke7 33. Ng6+ Kd8 34. Nh4
Bh8 35. Rg1 Bf6 36. Be1 Kc7 37. Bg3 Bxh4 38. Bxh4 Bd7 39. f5 Rc6 40. f6 Be8 41.
Kf4 Bg6 42. Ke5 Kd7 43. Rf3 Bf7 44. g5 Rg6 45. Bf2 Rc8 46. Rh3 Rcg8 47. Be3 Kc7
48. Rh7 Rf8 49. Rgh1 Kd7 50. Rh8 Rgg8 51. Rxg8 Rxg8 52. Rh7 Ke8 53. Kd6 1-0

[Event "I Open"]
[Site "Omegna ITA"]
[Date "2013.07.07"]
[Round "6"]
[White "Mantovan, Giuseppe"]
[Black "Faraci, Libero"]
[WhiteElo "1825"]
[BlackElo "1729"]
[Result "1/2-1/2"]
[PlyCount "79"]
[EventDate "2013.07.04"]

1. d4 e6 2. c4 f5 3. Nc3 Nf6 4. g3 Be7 5. Bg2 O-O 6. Nf3 c6 7. O-O d5 8. cxd5
exd5 9. Bf4 Bd6 10. Bxd6 Qxd6 11. e3 Ne4 12. Ne2 Nd7 13. Nf4 g5 14. Nd3 h6 15.
Nfe5 g4 16. f3 gxf3 17. Bxf3 Ng5 18. Bg2 Nxe5 19. Nxe5 Nf7 20. Nxf7 Rxf7 21.
Qh5 Bd7 22. Qh4 Qf6 23. Qxf6 Rxf6 24. b4 a6 25. e4 dxe4 26. Bxe4 Re8 27. Bc2
Kg7 28. Rf4 Ree6 29. Bb3 Re4 30. Raf1 Rxf4 31. Rxf4 Kg6 32. Kf2 Be6 33. d5 Bxd5
34. Bxd5 cxd5 35. Rd4 Rb6 36. a4 Rd6 37. Ke3 Re6+ 38. Kd2 Re4 39. Kc3 Re3+ 40.
Kd2 1/2-1/2